00447 2200169 4500001002100000008004100021035002000062245007400082100002200156250000600178260003300184084001400217082000800231650001400239990001200253990001200265INLIS000000000001212 ind  a0010-0524000447 aSiaga & Sukses Jelang Ujian Nasional Biologi SMA/MAcNunung Nurhayati aNurhayati, Nunung a1 aBandung :bYrama Widyac2010 a574 NUN s a574 aNon Fiksi a0713885 a0713886